[Event "FRA-chT"]
[Site "France"]
[Date "1995.??.??"]
[Round "?"]
[White "Richard, Alain"]
[Black "Marciano, David"]
[Result "1-0"]
[WhiteElo "2320"]
[BlackElo "2430"]
[PlyCount "61"]
[EventDate "1995.??.??"]
[EventType "team"]
[EventRounds "5"]
[EventCountry "FRA"]
[SourceTitle "EXT 1997"]
[Source "ChessBase"]
[SourceDate "1996.11.15"]
[SourceVersion "1"]
[SourceVersionDate "1996.11.15"]
[SourceQuality "1"]

1. e4 c5 2. Nf3 e6 3. d4 cxd4 4. Nxd4 Nc6 5. Nb5 d6 6. c4 Nf6 7. N1c3 a6 8. Na3 Be7 9. Be2 0-0 10. 0-0 b6 11. b3 Bb7 12. Bb2 Rc8 13. Rc1 Nb8 14. Bd3 Nbd7 15. Qe2 Rc7 16. Nab1 Qa8 17. Nd2 Rcc8 18. Bb1 Rfe8 19. f4 Bf8 20. Kh1 Bc6 21. a4 Rcd8 22. Rf2 h5 23. h3 h4 24. e5 dxe5 25. fxe5 Bc5 26. exf6 Bxf2 27. Nce4 Nc5 28. fxg7 Nxe4 29. Nxe4 Bxe4 30. Bxe4 Qb8 31. Bh7+ 1-0

[Event "FRA-chT"]
[Site "France"]
[Date "1995.??.??"]
[Round "6"]
[White "Rocher, Olivier"]
[Black "Richard, Alain"]
[Result "1-0"]
[WhiteElo "2210"]
[BlackElo "2290"]
[PlyCount "121"]
[EventDate "1995.??.??"]
[EventType "team"]
[EventRounds "5"]
[EventCountry "FRA"]
[SourceTitle "EXT 2005"]
[Source "ChessBase"]
[SourceDate "2004.11.15"]
[SourceVersion "1"]
[SourceVersionDate "2004.11.15"]
[SourceQuality "1"]

1. d4 Nf6 2. c4 g6 3. Nc3 Bg7 4. e4 d6 5. f3 0-0 6. Be3 c6 7. Qd2 e5 8. 0-0-0 Qa5 9. Kb1 Nbd7 10. d5 c5 11. g4 a6 12. Nge2 b5 13. Ng3 bxc4 14. h4 Nb6 15. Ka1 Bd7 16. g5 Ne8 17. h5 Na4 18. Rc1 Rb8 19. Nxa4 Qxd2 20. Bxd2 Bxa4 21. Bxc4 Bb5 22. b3 f6 23. hxg6 hxg6 24. gxf6 Rxf6 25. Rcf1 Rb7 26. Ne2 Rbf7 27. Ng1 Rf8 28. Rf2 Nc7 29. Ba5 Rc8 30. Kb2 Na8 31. Rh4 Rb8 32. Kc1 Nb6 33. Bxb5 axb5 34. Nh3 Nd7 35. Ng5 Nf8 36. Kd1 b4 37. Rc2 Rb7 38. Bd8 Rf4 39. Rxf4 exf4 40. Nh3 Be5 41. Bg5 Rh7 42. Nxf4 Rh1+ 43. Ke2 Kf7 44. Nd3 Rh2+ 45. Kd1 Rh1+ 46. Ke2 Rh2+ 47. Nf2 Nh7 48. Be3 g5 49. Rc1 Rg2 50. Rh1 Kg6 51. Kf1 Rg3 52. Rh3 Nf6 53. Rxg3 Bxg3 54. Nd3 Nd7 55. Kg2 Be5 56. Kh3 Kh5 57. Nxe5 Nxe5 58. Kg3 Kg6 59. Bxg5 Nxf3 60. Kxf3 Kxg5 61. Kg3 1-0